| 000 | 00684nam a2200145 a 4500 | ||
|---|---|---|---|
| 001 | 000038241 | ||
| 005 | 20240314193807.0 | ||
| 008 | 130405s2007 dr 000 0 spa d | ||
| 040 |
_aDO-SdBNP _bspa _cBNPHU |
||
| 245 | 0 | 0 |
_aLey No. 136-03 : _bcódigo para el sistema de protección y los derechos fundamentales de niños, niñas y adolescentes, incluye las modificaciones de la ley 52-07 del 23 de abril de 2007 / _ccoordinador Alejandro Moscoso Segarra. |
| 260 |
_aSanto Domingo : _bComisionado de Apoyo a la Reforma y Modernización de la Justicia, _c2007. |
||
| 300 |
_a189 p. : _bil. ; _c23 cm. |
||
| 500 | _aGaceta oficial 10234 | ||
| 700 | 1 |
_aMoscoso Segarra, Alejandro A _d1964- _962241 |
|
| 999 |
_c37731 _d37731 |
||